Blue magic : The people, power and politics behind the IBM personal computer

Bibliographic Details
Main Author: Chposky, James
Other Authors: Leonsis , Ted
Format: Book
Published: New York : Facts on file , 1988
Subjects:

MARC

LEADER 00000cam a2200000 7i4500
001 0000003233
005 20050415.0
020 |a 0816013918 
040 |a INS 
090 0 0 |a HD9696.   |b C6414832 1988 
100 1 |a Chposky, James 
245 1 0 |a Blue magic :   |b The people, power and politics behind the IBM personal computer   |c James Chposky and Ted Leonsis 
260 |a New York :   |b Facts on file ,   |c 1988 
300 |a xi, 228p. ;   |c 23 cm. 
650 0 0 |a IBM microcomputer   |x History 
650 0 0 |a IBM personal computer   |x History 
650 0 0 |a International business machines corporation   |x History 
700 1 |a Leonsis ,   |c Ted 
999 |a 0000004228   |b BOOK   |c Open Shelf   |e Default branch